000 01006nam a22002417a 4500
999 _c4733
_d4733
003 AR-CdUCM
008 190311b ||||| |||| 00| 0 spa d
020 _a84-7232-454-0
040 _aMUNICIPALIDAD PROVINCIAL DEL CUSCO
_cBIBLIOTECA MUNICIPAL DEL CUSCO
082 _23ed.
_a982.02 /
_bB24
100 _aBarba, Enrique M.
_914656
245 _aDon Pedro de Cevallos /
260 _aMadrid :
_bEdiciones de Cultura Hispánica,
_bInstituto de Cooperación Iberoamericana,
_c1988.
300 _a331 páginas ;
_c23 cm.
505 _aContenido: Del apellido y familia de Cevallos -- España y Portugal en América -- Entre la historia y la fantasía -- La expedición de 1756 al Río de la Plata -- El gobernador de Buenos Aire ...
650 _aBiografias
_9148
650 _aHistoria
_9136
650 _aArgentina, Río de la Plata
_914657
650 _aEspaña, Portugal
_914256
710 _aInstituto de Cooperación Iberoamericana Quinto Centenario.
_914658
942 _2ddc
_cLIBROS
945 _aachl